|
|
|
|
| LEADER |
00000nab a2200000 a 4500 |
| 001 |
vtls000823214 |
| 003 |
SK-MaSNL |
| 005 |
20260426100233.0 |
| 008 |
180206c2003 xo 0 slo |
| 015 |
|
|
|a SNBRB2003/01-03178
|
| 035 |
|
|
|a CLN000174869
|
| 040 |
|
|
|a SNKBUCL
|b slo
|c SNKBUCL
|e AACR2
|
| 041 |
0 |
|
|a slo
|
| 044 |
|
|
|a xo
|c SK
|
| 080 |
|
|
|a 374.7(437.6):352/354
|2 UDC-MRF-SK2
|
| 080 |
|
|
|a 352/354:374.7(437.6)
|2 UDC-MRF-SK2
|
| 100 |
1 |
|
|a Čupíková, Zdena
|4 ain
|9 318884
|
| 245 |
1 |
0 |
|a Odborný rast je celoživotný proces
|b "verím, že inštitút bude špičkou vo vzdelávaní nielen u nás," hovorí S. Konečný
|c zhovárala sa Zdena Čupíková
|
| 300 |
|
|
|b Fotogr.
|
| 610 |
2 |
7 |
|a Inštitút pre verejnú správu (Bratislava, Slovensko)
|2 snkbucl
|9 32604
|
| 651 |
|
7 |
|a Bratislava (Slovensko)
|2 snkbucl
|9 14568
|
| 655 |
|
7 |
|a články z novín a časopisov
|2 snkbucl
|9 267496
|
| 700 |
1 |
|
|a Konečný, Stanislav,
|d 1949-
|4 aut
|4 uin
|9 5274
|
| 773 |
0 |
|
|x 1335-7883
|t Verejná správa
|g Roč. 58, č. 2 (2003), s. 2-4
|
| 850 |
|
|
|a Slovenská národná knižnica v Martine
|
| 852 |
|
|
|a SNK
|b KIS3GCP
|
| 958 |
|
|
|a RBX
|
| 999 |
|
|
|c 3190121
|d 3192051
|